000 01239nam a22003617i 4500
001 B-12597
003 CO-BoFNCP
007 t||
008 090911s2008 ck r spa d
040 _aCO-BoFNCP
_bspa
_cCO-BoFNCP
_erda
041 _aspa
043 _ack
084 _aA-
100 1 _aRocha S., Pedro J.
_939053,
_eautor.
_4aut
245 1 0 _aEnsayo exploratorio de microorganismos nativos útiles para la biodegradación de glifosato en cultivos de palma de aceite.
264 4 _c©2008
300 _apáginas 1-4 :
_bTablas, gráficos, fotografías.
336 _atexto
_btxt
_2rdacontent
337 _asin mediación
_bn
_2rdamedia
338 _avolumen
_bnc
_2rdacarrier
504 _aIncluye referencias bibliográficas.
650 0 _aBiotecnología.
_93563
650 0 _aInvestigación.
_913642
650 0 _aMejoramiento genético
_930553.
650 0 _aPalma de aceite
_937678.
700 1 _aClavijo L., Ingrid V.
_941367.
700 1 _aVives F., Martha J.
_941368.
710 1 _aCorporación Centro de Investigación en Palma de Aceite, Cenipalma [Colombia]
_936971.
773 0 _aCeniavances (Colombia)
_gNo. 161 (Mayo 2008), p.1-4
_wA-
_x0123-8353
942 _2z
_c1
999 _c26569
_d26569
999 _z1